[Event "Pula op 30th"]
[Site "Pula"]
[Date "2016.09.10"]
[Round "1"]
[White "Mrdjen, David"]
[Black "Molnar, Bela"]
[Result "0-1"]
[WhiteElo "1924"]
[BlackElo "2290"]
[PlyCount "54"]
[EventDate "2016.09.10"]
[EventType "swiss"]
[EventRounds "9"]
[EventCountry "CRO"]
[SourceTitle "CBM 174 Extra"]
[Source "ChessBase"]
[SourceDate "2016.10.10"]
[SourceVersion "1"]
[SourceVersionDate "2016.10.10"]
[SourceQuality "1"]

1. e4 c5 2. Nf3 Nc6 3. Nc3 g6 4. d4 cxd4 5. Nxd4 Bg7 6. Be3 Rb8 7. Be2 Nf6 8. 0-0 0-0 9. f4 d6 10. Nxc6 bxc6 11. Rb1 Qa5 12. Kh1 Be6 13. Qd2 Rfd8 14. f5 Bc8 15. Bh6 Ba6 16. Bxg7 Kxg7 17. Bxa6 Qxa6 18. Rf3 Qc4 19. Rh3 Rxb2 20. Re1 Rbb8 21. Qh6+ Kg8 22. g4 Qd4 23. e5 dxe5 24. g5 Qf2 25. Rg1 Nh5 26. Ne4 Qxf5 27. Re1 Qxh3 0-1

[Event "CRO-chT2W"]
[Site "Croatia"]
[Date "2016.04.10"]
[Round "6.6"]
[White "Cvencek, Mladen"]
[Black "Mrdjen, David"]
[Result "1-0"]
[WhiteElo "1965"]
[BlackElo "1933"]
[PlyCount "131"]
[EventDate "2016.03.05"]
[EventType "team-tourn"]
[EventRounds "9"]
[EventCountry "CRO"]
[SourceTitle "EXT 2017"]
[Source "ChessBase"]
[SourceDate "2016.10.25"]
[SourceVersion "1"]
[SourceVersionDate "2016.10.25"]
[SourceQuality "1"]
[WhiteTeam "Buje"]
[BlackTeam "Pula Uljanik"]
[WhiteTeamCountry "CRO"]
[BlackTeamCountry "CRO"]

1. d4 Nf6 2. Nf3 d5 3. c4 e6 4. e3 c6 5. Nc3 Nbd7 6. Bd3 Bd6 7. Qc2 0-0 8. 0-0 e5 9. cxd5 cxd5 10. e4 exd4 11. Nxd5 h6 12. h3 Nxd5 13. exd5 Nf6 14. Nxd4 Nxd5 15. a3 Qf6 16. Nf5 Bf4 17. Be4 Bxc1 18. Raxc1 Nf4 19. Ng3 Re8 20. Rfe1 Be6 21. Bxb7 Rab8 22. Qe4 Bd7 23. Qf3 g5 24. b4 Qg6 25. Rxe8+ Rxe8 26. Qd1 Nd3 27. Ra1 Re1+ 28. Qxe1 Nxe1 29. Rxe1 Qd3 30. Re3 Qd1+ 31. Kh2 Qd6 32. Kg1 f5 33. Rf3 Qe5 34. Rd3 Qb5 35. Bd5+ Kg7 36. Rd1 f4 37. Nf1 Qe2 38. Bf3 Qe7 39. Nd2 Ba4 40. Rc1 Qe5 41. Ne4 Be8 42. Kh2 h5 43. Rc5 Qd4 44. Rxg5+ Kh6 45. Rf5 Bg6 46. Rxf4 Bxe4 47. Bxe4 Qe5 48. g3 a5 49. Bc6 axb4 50. axb4 Kg6 51. b5 Qb2 52. Kg2 Qb3 53. h4 Qb2 54. Rf8 Kh6 55. Rf5 Kg6 56. Rg5+ Kh6 57. Bf3 Kh7 58. Rxh5+ Kg7 59. Rg5+ Kf6 60. g4 Qd4 61. Rf5+ Kg7 62. h5 Qd8 63. Rc5 Qb6 64. Rg5+ Kh8 65. Bc6 Qd8 66. Rg6 1-0

[Event "Pula op 29th"]
[Site "Pula"]
[Date "2015.06.13"]
[Round "1"]
[White "Mrdjen, David"]
[Black "Drazic, Sinisa"]
[Result "1-0"]
[WhiteElo "1942"]
[BlackElo "2468"]
[PlyCount "45"]
[EventDate "2015.06.13"]
[EventType "swiss"]
[EventRounds "9"]
[EventCountry "CRO"]
[SourceTitle "CBM 167 Extra"]
[Source "ChessBase"]
[SourceDate "2015.09.14"]
[SourceVersion "1"]
[SourceVersionDate "2015.09.14"]
[SourceQuality "1"]

1. e4 c5 2. Nf3 g6 3. d4 Bg7 4. c3 Qa5 5. Be2 cxd4 6. Nxd4 Nf6 7. Nd2 Nc6 8. 0-0 0-0 9. f4 d6 10. Kh1 Bd7 11. N4f3 Rad8 12. Qe1 Bg4 13. Qh4 Qh5 14. Qg3 d5 15. e5 Ne4 16. Qe1 g5 17. g3 gxf4 18. gxf4 f6 19. Nxe4 dxe4 20. Bc4+ Kh8 21. Qxe4 fxe5 22. Ng5 h6 23. Qh7# 1-0

[Event "Pula CC-ch"]
[Site "Pula"]
[Date "2014.02.14"]
[Round "9"]
[White "Mrdjen, David"]
[Black "Zufic, Miroslav"]
[Result "1/2-1/2"]
[WhiteElo "1973"]
[BlackElo "2466"]
[PlyCount "93"]
[EventDate "2014.01.17"]
[EventType "swiss"]
[EventRounds "9"]
[EventCountry "CRO"]
[SourceTitle "EXT 2016"]
[Source "ChessBase"]
[SourceDate "2015.10.08"]
[SourceVersion "1"]
[SourceVersionDate "2015.10.08"]
[SourceQuality "1"]

1. e4 c5 2. Nf3 d6 3. d4 cxd4 4. Nxd4 Nf6 5. Nc3 a6 6. Bg5 Nbd7 7. Bc4 Qa5 8. Qd2 e6 9. 0-0-0 b5 10. Nb3 Qb6 11. Bd3 Be7 12. Kb1 Bb7 13. f4 0-0 14. a3 Bc6 15. Rhe1 e5 16. f5 a5 17. Be3 Qb7 18. Nd5 Bxd5 19. exd5 b4 20. a4 Qxd5 21. Qe2 e4 22. Bb5 Qxf5 23. g4 Qxg4 24. Qxg4 Nxg4 25. Bxd7 Nxe3 26. Rxe3 f5 27. Rd5 g6 28. Nxa5 Bg5 29. Re2 Bf4 30. Nc4 Kg7 31. b3 Ra7 32. Bb5 Rd8 33. h3 Kf6 34. Nb2 h5 35. Bc4 g5 36. Rc5 g4 37. hxg4 hxg4 38. Bd5 g3 39. Rb5 Rh8 40. Nd3 Rh1+ 41. Kb2 exd3 42. Re6+ Kg5 43. Bxh1 d2 44. Rd5 Be5+ 45. Rexe5 dxe5 46. Rxd2 e4 47. Re2 1/2-1/2

[Event "Pula CC-ch"]
[Site "Pula"]
[Date "2014.02.11"]
[Round "8"]
[White "Fercec, Nenad"]
[Black "Mrdjen, David"]
[Result "1-0"]
[WhiteElo "2473"]
[BlackElo "1973"]
[PlyCount "53"]
[EventDate "2014.01.17"]
[EventType "swiss"]
[EventRounds "9"]
[EventCountry "CRO"]
[SourceTitle "EXT 2016"]
[Source "ChessBase"]
[SourceDate "2015.10.08"]
[SourceVersion "1"]
[SourceVersionDate "2015.10.08"]
[SourceQuality "1"]

1. e4 c5 2. Nf3 d6 3. d4 cxd4 4. Nxd4 Nf6 5. Nc3 Nc6 6. Bg5 e6 7. Qd2 a6 8. 0-0-0 h6 9. Nxc6 bxc6 10. Bf4 Ra7 11. Bxd6 Rd7 12. Bxf8 Rxd2 13. Rxd2 Nd7 14. Bxg7 Rh7 15. Bd4 Qa5 16. Be2 c5 17. Be3 Ne5 18. f4 Nc6 19. e5 f5 20. Bh5+ Kf8 21. Rhd1 Rb7 22. a3 Qb6 23. Na4 Qb5 24. Bxc5+ Kg7 25. b3 Na5 26. Rd3 Rc7 27. Rg3+ 1-0

[Event "Pula Uljanik CC-ch"]
[Site "Pula"]
[Date "2013.01.26"]
[Round "1"]
[White "Cesar, Zlatko"]
[Black "Mrdjen, David"]
[Result "0-1"]
[WhiteElo "1990"]
[BlackElo "1603"]
[PlyCount "74"]
[EventDate "2013.01.17"]
[EventType "swiss"]
[EventRounds "9"]
[EventCountry "CRO"]
[SourceTitle "EXT 2014"]
[Source "ChessBase"]
[SourceDate "2013.11.20"]
[SourceVersion "1"]
[SourceVersionDate "2013.11.20"]
[SourceQuality "1"]

1. d4 Nf6 2. c4 g6 3. Nc3 Bg7 4. e4 d6 5. Nf3 0-0 6. Be3 c6 7. Be2 Nbd7 8. Qd2 Ng4 9. Bf4 e5 10. Be3 Nxe3 11. Qxe3 Qb6 12. d5 Qxb2 13. Rb1 Qa3 14. 0-0 Qa5 15. h4 Nf6 16. Nh2 Nh5 17. Bxh5 gxh5 18. Rb3 Qd8 19. Qg3 Kh8 20. Nd1 Bf6 21. Nf3 Rg8 22. Qh2 Rg4 23. Re1 b5 24. cxb5 cxd5 25. Ne3 Rxe4 26. Nxd5 Rxe1+ 27. Nxe1 Be6 28. Rd3 e4 29. Rd2 Be5 30. g3 Qa5 31. f4 Bd4+ 32. Rxd4 Qxe1+ 33. Kg2 Rc8 34. Qg1 Qe2+ 35. Kh1 Bg4 36. Ne3 Bf3+ 37. Ng2 Rc1 0-1

[Event "CRO-chT3 West"]
[Site "Croatia"]
[Date "2011.11.06"]
[Round "8.34"]
[White "Mrdjen, David"]
[Black "Monjac, Mislav"]
[Result "0-1"]
[WhiteElo "1997"]
[BlackElo "1982"]
[PlyCount "118"]
[EventDate "2011.03.12"]
[EventType "team-tourn"]
[EventRounds "9"]
[EventCountry "CRO"]
[SourceTitle "EXT 2014"]
[Source "ChessBase"]
[SourceDate "2013.11.20"]
[SourceVersion "1"]
[SourceVersionDate "2013.11.20"]
[SourceQuality "1"]

1. e4 c5 2. Nf3 d6 3. d4 cxd4 4. Nxd4 Nf6 5. Nc3 Nc6 6. Be2 g6 7. Be3 Bg7 8. 0-0 0-0 9. Kh1 Bd7 10. f4 Rc8 11. f5 Ne5 12. Qd2 Nc4 13. Bxc4 Rxc4 14. Qd3 Rc8 15. Nce2 a6 16. a4 Qa5 17. c3 Qc7 18. Ng3 Qc4 19. Qd2 Rfd8 20. a5 Ng4 21. Bg1 Ne5 22. Nf3 Nxf3 23. Rxf3 Bb5 24. Re1 f6 25. Ne2 Bd7 26. Nd4 g5 27. b3 Qf7 28. c4 h6 29. Rg3 Kh7 30. h4 Rh8 31. Be3 Kg8 32. Qe2 Rh7 33. Kg1 Kh8 34. Nf3 Qh5 35. Kf2 g4 36. Nh2 Qxh4 37. Rh1 Qh5 38. Kg1 Qf7 39. Nxg4 h5 40. Rgh3 Rg8 41. Nf2 Be8 42. Nd3 Bh6 43. Bxh6 Rxh6 44. Nf4 Rg5 45. Qe3 Rh7 46. Ng6+ Kg8 47. Qf3 Qg7 48. Nf4 Qf7 49. Ne6 Rg4 50. Nc7 Rhg7 51. R1h2 e5 52. Nxe8 Qxe8 53. Rxh5 Qc6 54. Rh8+ Kf7 55. Qh3 Rxe4 56. Rh7 Qc5+ 57. Kf1 Rf4+ 58. Ke2 Qf2+ 59. Kd1 Qf1+ 0-1

[Event "CRO-chT3 West"]
[Site "Croatia"]
[Date "2010.03.28"]
[Round "3.34"]
[White "Vujnovic, Patricija"]
[Black "Mrdjen, David"]
[Result "0-1"]
[WhiteElo "1906"]
[BlackElo "1979"]
[PlyCount "144"]
[EventDate "2010.03.27"]
[EventType "team-tourn"]
[EventRounds "9"]
[EventCountry "CRO"]
[SourceTitle "EXT 2012"]
[Source "ChessBase"]
[SourceDate "2011.11.24"]
[SourceVersion "1"]
[SourceVersionDate "2011.11.24"]
[SourceQuality "1"]

1. d4 Nf6 2. Nf3 g6 3. c4 Bg7 4. Nc3 d6 5. Bg5 Nbd7 6. e3 c6 7. Be2 0-0 8. Qc2 a6 9. 0-0 Qe8 10. Rfd1 b5 11. cxb5 axb5 12. a4 b4 13. Ne4 Bb7 14. a5 Qc8 15. Nxf6+ Nxf6 16. Bxf6 Bxf6 17. Nd2 Ba6 18. Bxa6 Rxa6 19. Nc4 Qb7 20. Nb6 Re8 21. Qc4 e5 22. dxe5 Rxe5 23. Nd7 Re6 24. Nb8 Ra8 25. Nxc6 d5 26. Qxb4 Qxc6 27. Rac1 Qd6 28. Qd2 Rb8 29. b4 Rxb4 30. a6 Ra4 31. Qxd5 Qxd5 32. Rxd5 Rexa6 33. g3 Ra1 34. Rxa1 Rxa1+ 35. Kg2 Kg7 36. Rd2 Rb1 37. h4 Rb2 38. Rd1 Be7 39. Rf1 Bc5 40. Kf3 Be7 41. Rh1 h5 42. Rh2 Rb4 43. Rh1 Bd6 44. Rd1 Be7 45. Rd2 Bf6 46. Rd1 Rb2 47. Rf1 Kh6 48. Rd1 Bc3 49. Rc1 Bb4 50. Rd1 f5 51. Rc1 Ba5 52. Rd1 Bb4 53. Rc1 Be7 54. Rc8 Bf6 55. Rc6 Bd8 56. Rc8 Ba5 57. Rc1 Rb4 58. Rc5 Bd8 59. Rc8 Bxh4 60. gxh4 Rxh4 61. Rc6 Rg4 62. Rc1 Ra4 63. Kg3 Ra6 64. Re1 g5 65. f3 Re6 66. e4 h4+ 67. Kf2 fxe4 68. fxe4 g4 69. Ke3 Kg5 70. Rf1 h3 71. Rf5+ Kh4 72. Rf7 Kg3 0-1

[Event "Porec op"]
[Site "Porec"]
[Date "2006.12.08"]
[Round "4"]
[White "Mrdjen, David"]
[Black "Brenc, Tomislav"]
[Result "0-1"]
[WhiteElo "2035"]
[BlackElo "1997"]
[PlyCount "54"]
[EventDate "2006.12.07"]
[EventType "swiss"]
[EventRounds "7"]
[EventCountry "CRO"]
[SourceTitle "CBM 115 Extra"]
[Source "ChessBase"]
[SourceDate "2007.01.10"]
[SourceVersion "1"]
[SourceVersionDate "2007.01.10"]
[SourceQuality "1"]

1. e4 c5 2. Nf3 a6 3. d4 cxd4 4. Nxd4 Nf6 5. Bd3 e5 6. Nb3 Nc6 7. 0-0 d5 8. exd5 Nxd5 9. Re1 Be7 10. Be4 Be6 11. Qf3 f5 12. Bxd5 Qxd5 13. Qe2 0-0 14. Nc3 Qc4 15. Be3 Qh4 16. Bb6 Bb4 17. Nd2 Qe7 18. Nf3 e4 19. Nd4 Nxd4 20. Bxd4 Rad8 21. Be3 f4 22. Bc1 Bxc3 23. bxc3 Bd5 24. Qg4 Qf6 25. Rb1 Be6 26. Qe2 Qg6 27. Ba3 f3 0-1

[Event "Porec op"]
[Site "Porec"]
[Date "2004.12.04"]
[Round "6"]
[White "Fattorich, Igor"]
[Black "Mrdjen, David"]
[Result "0-1"]
[WhiteElo "2068"]
[BlackElo "2014"]
[PlyCount "110"]
[EventDate "2004.12.02"]
[EventType "swiss"]
[EventRounds "7"]
[EventCountry "CRO"]
[SourceTitle "CBM 103 Extra"]
[Source "ChessBase"]
[SourceDate "2005.01.01"]
[SourceVersion "1"]
[SourceVersionDate "2005.01.01"]
[SourceQuality "1"]

1. d4 d5 2. Nf3 Nc6 3. Bg5 Bg4 4. Nbd2 h6 5. Bh4 g5 6. Bg3 Nf6 7. e3 Ne4 8. Be2 Nxg3 9. hxg3 Bg7 10. c3 Bf5 11. Nh2 e6 12. Bh5 Qe7 13. Nb3 a5 14. Nc5 Rb8 15. Qa4 b5 16. Qd1 e5 17. 0-0 0-0 18. Bg4 Bxg4 19. Qxg4 f5 20. Qh5 Rb6 21. Rfe1 Nd8 22. g4 Ne6 23. Nxe6 Rxe6 24. gxf5 Rxf5 25. Ng4 exd4 26. cxd4 Kh7 27. Rec1 c6 28. Rc5 a4 29. Rac1 Qd7 30. Qh3 Rf7 31. Nh2 Qe8 32. Nf3 Rg6 33. Qg4 Re7 34. Qf5 Ree6 35. Qd3 Kg8 36. Qc3 Bf8 37. Ne5 Rxe5 38. dxe5 Bxc5 39. Qxc5 Qxe5 40. f4 gxf4 41. exf4 Qxf4 42. Rf1 Qd6 43. Qa7 Rf6 44. Re1 Rf7 45. Re8+ Kg7 46. Qd4+ Qf6 47. Qg4+ Qg5 48. Qc8 Qc1+ 49. Kh2 Qf4+ 50. Kg1 Qf2+ 51. Kh2 Qh4+ 52. Kg1 Qd4+ 53. Kh2 Kh7 54. Qxc6 Qf4+ 55. Kg1 Rc7 0-1

[Event "Porec op"]
[Site "Porec"]
[Date "2004.12.03"]
[Round "3"]
[White "Mrdjen, David"]
[Black "Sikanjic, Bojan"]
[Result "1-0"]
[WhiteElo "2014"]
[BlackElo "2153"]
[PlyCount "65"]
[EventDate "2004.12.02"]
[EventType "swiss"]
[EventRounds "7"]
[EventCountry "CRO"]
[SourceTitle "CBM 103 Extra"]
[Source "ChessBase"]
[SourceDate "2005.01.01"]
[SourceVersion "1"]
[SourceVersionDate "2005.01.01"]
[SourceQuality "1"]

1. e4 c5 2. Nf3 Nc6 3. d4 cxd4 4. Nxd4 g6 5. Be3 Bg7 6. Nc3 Nf6 7. Nxc6 bxc6 8. e5 Ng8 9. f4 d6 10. Bc4 d5 11. Bb3 Ba6 12. Qd2 e6 13. 0-0-0 Bb5 14. g4 a5 15. a4 Ba6 16. h4 h5 17. f5 Bxe5 18. fxe6 fxe6 19. Bg5 Nf6 20. Rhe1 Qd6 21. Rxe5 Qxe5 22. Bf4 Ne4 23. Bxe5 Nxd2 24. Bxh8 Nxb3+ 25. cxb3 Kd7 26. Be5 hxg4 27. Ne4 Be2 28. Nf6+ Ke7 29. Rg1 Rf8 30. Nxg4 Rf5 31. Bc3 Bd3 32. Ne5 Kd6 33. Nxd3 1-0

[Event "Porec op"]
[Site "Porec"]
[Date "2004.12.02"]
[Round "1"]
[White "Mrdjen, David"]
[Black "Doric, Nenad"]
[Result "0-1"]
[WhiteElo "2014"]
[BlackElo "2369"]
[PlyCount "66"]
[EventDate "2004.12.02"]
[EventType "swiss"]
[EventRounds "7"]
[EventCountry "CRO"]
[SourceTitle "CBM 103 Extra"]
[Source "ChessBase"]
[SourceDate "2005.01.01"]
[SourceVersion "1"]
[SourceVersionDate "2005.01.01"]
[SourceQuality "1"]

1. e4 c5 2. Nf3 e6 3. d4 cxd4 4. Nxd4 Nf6 5. Bd3 Nc6 6. Be3 d5 7. Nxc6 bxc6 8. e5 Nd7 9. f4 Ba6 10. 0-0 Bxd3 11. Qxd3 Bc5 12. Kh1 Qb6 13. Bd2 0-0 14. Nc3 Qc7 15. Rf3 f5 16. Rg3 Rab8 17. b3 Be7 18. Qf3 Rf7 19. Qh5 Bb4 20. a3 Bxc3 21. Bxc3 Nc5 22. Rh3 g6 23. Qh6 Ne4 24. Rf1 Qb6 25. Be1 Qa6 26. Rhf3 Qe2 27. h4 Qxc2 28. b4 d4 29. h5 Rg7 30. Rg1 d3 31. Bh4 d2 32. Bf6 Rbb7 33. Bxg7 Rxg7 0-1

[Event "CRO Cup"]
[Site "Rabac"]
[Date "2004.06.24"]
[Round "6"]
[White "Ramesa, Davor"]
[Black "Mrdjen, David"]
[Result "1/2-1/2"]
[WhiteElo "2143"]
[BlackElo "2010"]
[PlyCount "78"]
[EventDate "2004.05.20"]
[EventType "swiss"]
[EventRounds "9"]
[EventCountry "CRO"]
[SourceTitle "CBM 100 Extra"]
[Source "ChessBase"]
[SourceDate "2004.07.06"]
[SourceVersion "2"]
[SourceVersionDate "2004.07.06"]
[SourceQuality "1"]

1. c4 e5 2. Nc3 Nf6 3. Nf3 Nc6 4. d4 e4 5. Ng5 Bb4 6. d5 Bxc3+ 7. bxc3 Nb8 8. f4 d6 9. g3 Qe7 10. Bg2 h6 11. Nh3 b6 12. 0-0 Bf5 13. Be3 Nbd7 14. Nf2 a5 15. Bd4 h5 16. h3 Rh6 17. e3 Rg6 18. Kh2 Kf8 19. Rg1 Rh6 20. Bf1 Kg8 21. Be2 Kh7 22. Rg2 Rh8 23. Kg1 Kg8 24. g4 hxg4 25. hxg4 Bxg4 26. Bxg4 Nf8 27. Bf5 g6 28. Bxf6 Qxf6 29. Bxe4 Qxc3 30. Qd4 Qa3 31. Ng4 Rh1+ 32. Kf2 Nd7 33. Nf6+ Nxf6 34. Qxf6 R8h3 35. Bf3 Qd3 36. Rxg6+ fxg6 37. Qe6+ Kg7 38. Qd7+ Kg8 39. Qe8+ Kg7 1/2-1/2

[Event "Rabac op"]
[Site "Rabac"]
[Date "2003.11.15"]
[Round "1.16"]
[White "Biti, Ozren"]
[Black "Mrdjen, David"]
[Result "1-0"]
[WhiteElo "2346"]
[BlackElo "2012"]
[PlyCount "39"]
[EventDate "2003.11.15"]
[EventType "swiss"]
[EventRounds "9"]
[EventCountry "CRO"]
[SourceTitle "CBM 097 Extra"]
[Source "ChessBase"]
[SourceDate "2004.01.13"]
[SourceVersion "1"]
[SourceVersionDate "2004.01.13"]
[SourceQuality "1"]

1. e4 c5 2. Nc3 Nc6 3. f4 g6 4. Nf3 Bg7 5. Bc4 e6 6. f5 Nge7 7. fxe6 fxe6 8. d3 d5 9. Bb3 b5 10. 0-0 Bxc3 11. bxc3 c4 12. Ng5 Qb6+ 13. Kh1 cxb3 14. Qf3 Nd8 15. Ba3 e5 16. exd5 a5 17. Bxe7 Kxe7 18. d6+ Kd7 19. Nf7 Re8 20. Nxd8 1-0

[Event "Porec op"]
[Site "Porec"]
[Date "2003.??.??"]
[Round "3"]
[White "Ikica, Ante"]
[Black "Mrdjen, David"]
[Result "0-1"]
[WhiteElo "2121"]
[BlackElo "2012"]
[PlyCount "20"]
[EventDate "2003.12.04"]
[EventType "swiss"]
[EventRounds "7"]
[EventCountry "CRO"]
[SourceTitle "CBM 097 Extra"]
[Source "ChessBase"]
[SourceDate "2004.01.13"]
[SourceVersion "1"]
[SourceVersionDate "2004.01.13"]
[SourceQuality "1"]

1. e4 c5 2. Nf3 e6 3. Nc3 g6 4. a4 Qc7 5. Be2 Nc6 6. 0-0 Nd4 7. Re1 Nf6 8. Bf1 Ng4 9. h3 Nxf3+ 10. Qxf3 Qh2# 0-1

[Event "Porec op"]
[Site "Porec"]
[Date "2003.??.??"]
[Round "6"]
[White "Paljusaj, Edmond"]
[Black "Mrdjen, David"]
[Result "1-0"]
[WhiteElo "2203"]
[BlackElo "2012"]
[PlyCount "91"]
[EventDate "2003.12.04"]
[EventType "swiss"]
[EventRounds "7"]
[EventCountry "CRO"]
[SourceTitle "CBM 097 Extra"]
[Source "ChessBase"]
[SourceDate "2004.01.13"]
[SourceVersion "1"]
[SourceVersionDate "2004.01.13"]
[SourceQuality "1"]

1. e4 c5 2. Nf3 a6 3. c4 g6 4. d4 Bg7 5. Nc3 cxd4 6. Nxd4 e6 7. Be3 d6 8. Be2 Nf6 9. 0-0 0-0 10. Qd2 Qc7 11. Rac1 Nc6 12. Rfd1 Ne5 13. f3 Bd7 14. h3 Ne8 15. b3 Rd8 16. f4 Nc6 17. Nd5 exd5 18. cxd5 Bxd4 19. Bxd4 Nxd4 20. Rxc7 Nxe2+ 21. Qxe2 Nxc7 22. Qf2 Bc8 23. Rc1 Ne8 24. Qd4 Ng7 25. Rc7 Rde8 26. a4 h5 27. a5 Rd8 28. Kf2 Rfe8 29. Qf6 Rf8 30. Rxf7 Rxf7 31. Qxd8+ Rf8 32. Qxd6 Rf7 33. Kf3 Kh7 34. Qd8 Bd7 35. e5 h4 36. Qxh4+ Kg8 37. e6 Nxe6 38. dxe6 Bxe6 39. b4 Bd5+ 40. Kf2 Bc6 41. Qg5 Kh7 42. g4 Be4 43. h4 Rc7 44. h5 Rg7 45. hxg6+ Bxg6 46. f5 1-0

[Event "Pula op 14th"]
[Site "Pula"]
[Date "2000.05.16"]
[Round "1"]
[White "Weglarz, Leszek"]
[Black "Mrdjen, David"]
[Result "1-0"]
[WhiteElo "2387"]
[BlackElo "2067"]
[PlyCount "71"]
[EventDate "2000.05.16"]
[EventType "swiss"]
[EventRounds "9"]
[EventCountry "CRO"]
[SourceTitle "CBM 076 Extra"]
[Source "ChessBase"]
[SourceDate "2000.07.11"]
[SourceVersion "1"]
[SourceVersionDate "2000.07.11"]
[SourceQuality "1"]

1. d4 d6 2. e4 Nd7 3. Nf3 g6 4. c4 Bg7 5. Nc3 Ngf6 6. e5 dxe5 7. dxe5 Ng4 8. e6 Bxc3+ 9. bxc3 Nde5 10. Qxd8+ Kxd8 11. Nxe5 Nxe5 12. f4 Nc6 13. exf7 Rf8 14. Be3 Rxf7 15. 0-0-0+ Ke8 16. Be2 Be6 17. g4 Rd8 18. h4 Na5 19. Rxd8+ Kxd8 20. Rd1+ Kc8 21. Rd4 Bd7 22. Rd5 b6 23. h5 Be6 24. Rd4 c5 25. Re4 Bd7 26. Re5 Nc6 27. Rg5 Rf6 28. f5 Be8 29. fxg6 hxg6 30. h6 Nd8 31. Re5 e6 32. Bg5 Rf8 33. Bxd8 Kxd8 34. Rxe6 Kd7 35. Re3 Kd6 36. g5 1-0

[Event "Pula op 13th"]
[Site "Pula"]
[Date "1999.05.31"]
[Round "3"]
[White "Mrdjen, David"]
[Black "Zelic, Mladen"]
[Result "0-1"]
[WhiteElo "2080"]
[BlackElo "2354"]
[PlyCount "50"]
[EventDate "1999.05.??"]
[EventType "swiss"]
[EventRounds "9"]
[EventCountry "CRO"]
[SourceTitle "EXT 2000"]
[Source "ChessBase"]
[SourceDate "1999.11.16"]
[SourceVersion "1"]
[SourceVersionDate "1999.11.16"]
[SourceQuality "1"]

1. e4 e5 2. d4 exd4 3. Qxd4 Nc6 4. Qe3 Nf6 5. Bd2 Be7 6. Nc3 0-0 7. 0-0-0 d5 8. exd5 Nxd5 9. Qg3 Bh4 10. Qf3 Nxc3 11. bxc3 Qd6 12. Kb1 Ne5 13. Qh5 Bf6 14. h3 Be6 15. Bc1 Qb6+ 16. Bb2 Rad8 17. Rd4 c5 18. Rxd8 Rxd8 19. Kc1 g6 20. Qh6 Bc4 21. Nf3 Bxf1 22. Nxe5 Bxg2 23. Rg1 Bxe5 24. Qg5 Bh2 25. Rxg2 Qd6 0-1